| 000 | 01010nam a2200253 a 4500 | ||
|---|---|---|---|
| 001 | 25374 | ||
| 003 | CO-ViMGA | ||
| 005 | 20230915232054.0 | ||
| 008 | 141112s2004 ck r 000 u spa d | ||
| 020 | _a9786077073468 | ||
| 040 |
_aCO-ViMGA _bspa _cCO-ViMGA |
||
| 082 | 0 | 4 | _a658.7882 S11c 21 |
| 100 | 1 |
_aSabria, Federico. _938685 |
|
| 245 | 1 | 0 |
_aLa Cadena de suministro / _ccoordinación, Federico Sabriáa ; con la colaboraciÒaon de, Arturo T. De Zan, Aurelia Fernández, Juan Carlos Pascual ; basado en trabajos originales de, Pere Agell ... [et al.]. |
| 250 | _a2a ed. | ||
| 260 |
_aMéxico : _bAlfaomega Grupo Editor, _cMarge Books, _c2012. |
||
| 300 | _a208 p. : il. ; 23 cm. | ||
| 504 | _aIncluye bibliografía. | ||
| 650 | 1 | 4 | _aLogística empresarial. |
| 700 | 1 |
_aZan, Arturo T. de. _938686 |
|
| 942 |
_2ddc _cBK |
||
| 949 | _an n | ||
| 999 |
_c32980 _d32980 |
||